[Event "European Team-ch 2007"]
[Site "Crete GRE"]
[Date "2007.10.29"]
[Round "2.1"]
[White "Jakovenko, Dmitry"]
[Black "Asrian, Karen"]
[Result "1/2-1/2"]
[WhiteElo "2710"]
[BlackElo "2623"]
[PlyCount "56"]
[EventDate "2007.10.28"]
[EventType "team"]
[EventRounds "9"]
[EventCountry "GRE"]
[Source "lmi"]
[SourceDate "2007.10.28"]
[WhiteTeam "Russia"]
[BlackTeam "Armenia"]
[WhiteTeamCountry "RUS"]
[BlackTeamCountry "ARM"]

1. e4 c6 2. d4 d5 3. exd5 cxd5 4. c4 Nf6 5. Nc3 Nc6 6. Bg5 e6 7. Nf3 Be7 8. c5
O-O 9. Bb5 Ne4 10. Bxe7 Nxe7 11. Rc1 b6 12. c6 Qd6 13. O-O a6 14. Bd3 Nxc6 15.
Nxe4 dxe4 16. Bxe4 Bb7 17. Ne5 Rac8 18. Qd3 Rfd8 19. Bxc6 Bxc6 20. Qxa6 Qd5 21.
Nf3 Qd7 22. Ne5 Qd5 23. Nxc6 Rxc6 24. g3 Rxc1 25. Rxc1 Qxd4 26. Rc8 Qd1+ 27.
Kg2 Qd5+ 28. Kg1 Qd1+ 1/2-1/2

[Event "European Team-ch 2007"]
[Site "Crete GRE"]
[Date "2007.10.29"]
[Round "2.2"]
[White "Karjakin, Sergey"]
[Black "Shirov, Alexei"]
[Result "1-0"]
[WhiteElo "2694"]
[BlackElo "2739"]
[PlyCount "63"]
[EventDate "2007.10.28"]
[EventType "team"]
[EventRounds "9"]
[EventCountry "GRE"]
[Source "lmi"]
[SourceDate "2007.10.28"]
[WhiteTeam "Ukraine"]
[BlackTeam "Espana"]
[WhiteTeamCountry "UKR"]
[BlackTeamCountry "ESP"]

1. e4 c5 2. Nf3 Nc6 3. d4 cxd4 4. Nxd4 Nf6 5. Nc3 e5 6. Ndb5 d6 7. Bg5 a6 8.
Na3 b5 9. Nd5 Be7 10. Bxf6 Bxf6 11. c3 O-O 12. Nc2 Rb8 13. h4 Be7 14. g3 Be6
15. a3 a5 16. Nce3 Re8 17. a4 b4 18. Bb5 Bd7 19. O-O bxc3 20. bxc3 Bf8 21. Qd3
Na7 22. Bxd7 Qxd7 23. Qa6 Nc6 24. Rab1 Red8 25. Rb6 Rxb6 26. Nxb6 Qa7 27. Qxa7
Nxa7 28. Nbc4 Rc8 29. Rb1 Rc5 30. Rb8 g6 31. Ra8 Nc6 32. Nb6 1-0

[Event "European Team-ch 2007"]
[Site "Crete GRE"]
[Date "2007.10.29"]
[Round "2.2"]
[White "Vallejo Pons, Francisco"]
[Black "Volokitin, Andrei"]
[Result "1/2-1/2"]
[WhiteElo "2660"]
[BlackElo "2678"]
[PlyCount "122"]
[EventDate "2007.10.28"]
[EventType "team"]
[EventRounds "9"]
[EventCountry "GRE"]
[Source "lmi"]
[SourceDate "2007.10.28"]
[WhiteTeam "Espana"]
[BlackTeam "Ukraine"]
[WhiteTeamCountry "ESP"]
[BlackTeamCountry "UKR"]

1. d4 Nf6 2. c4 g6 3. Nc3 Bg7 4. e4 d6 5. Nf3 O-O 6. Be2 e5 7. dxe5 dxe5 8.
Qxd8 Rxd8 9. Bg5 Nbd7 10. O-O-O Rf8 11. Nd5 c6 12. Ne7+ Kh8 13. Be3 Re8 14.
Nxc8 Raxc8 15. g4 Nf8 16. Nd2 Ne6 17. g5 Nd7 18. Bg4 Bf8 19. Nf3 Rc7 20. Kc2 b6
21. h4 Bc5 22. Rhe1 Kg7 23. Bxc5 Ndxc5 24. b4 Nd7 25. Bxe6 Rxe6 26. Re3 h5 27.
Red3 Re7 28. Kc3 Nf8 29. Rd8 Ne6 30. Ra8 c5 31. Rd5 cxb4+ 32. Kxb4 Rc5 33. Rxe5
a5+ 34. Kc3 Rxe5 35. Nxe5 Nxg5 36. Kd4 Ne6+ 37. Ke3 Nc5 38. f4 f6 39. Nc6 Rxe4+
40. Kf3 Rxc4 41. Ra7+ Kf8 42. Ne7 Rc3+ 43. Ke2 Rc2+ 44. Ke3 Rxa2 45. Nxg6+ Ke8
46. f5 Ra3+ 47. Kd4 Rd3+ 48. Kc4 Rd7 49. Ra8+ Kf7 50. Nf4 Rc7 51. Nd5 Rb7 52.
Kb5 Kg7 53. Nf4 Ne4 54. Nxh5+ Kh6 55. Nf4 Re7 56. Kxb6 Nd6 57. Kc6 Nxf5 58.
Rxa5 Re5 59. Rxe5 fxe5 60. Kd5 exf4 61. Ke4 Nxh4 1/2-1/2

[Event "European Team-ch 2007"]
[Site "Crete GRE"]
[Date "2007.10.29"]
[Round "2.2"]
[White "Khamrakulov, Ibragim S"]
[Black "Areshchenko, Alexander"]
[Result "1/2-1/2"]
[WhiteElo "2604"]
[BlackElo "2638"]
[PlyCount "173"]
[EventDate "2007.10.28"]
[EventType "team"]
[EventRounds "9"]
[EventCountry "GRE"]
[Source "lmi"]
[SourceDate "2007.10.28"]
[WhiteTeam "Espana"]
[BlackTeam "Ukraine"]
[WhiteTeamCountry "ESP"]
[BlackTeamCountry "UKR"]

1. e4 c5 2. Nf3 d6 3. c3 Nf6 4. Bd3 Bg4 5. h3 Bh5 6. O-O Nc6 7. Re1 e6 8. Bf1
d5 9. Qb3 Qb6 10. exd5 Qxb3 11. axb3 Nxd5 12. Ne5 Nxe5 13. Rxe5 Bg6 14. Na3 Bd6
15. Re1 Ke7 16. g3 Rad8 17. Nb5 a6 18. Nxd6 Rxd6 19. d3 f6 20. Bd2 Kf7 21. Ra5
Rc8 22. b4 cxb4 23. c4 Ne7 24. Bxb4 Rd7 25. Bxe7 Kxe7 26. Re3 Rc6 27. b4 Rb6
28. b5 Rd4 29. bxa6 Rxa6 30. Rb5 b6 31. h4 Kd6 32. f4 Be8 33. Rb1 Bd7 34. Bh3
Kc5 35. Rb3 Rd6 36. Kf2 b5 37. cxb5 Bxb5 38. d4+ Rxd4 39. Rxb5+ Kxb5 40. Bf1+
Rc4 41. Re4 Rac6 42. Bxc4+ Rxc4 43. Rxe6 Rc7 44. h5 Kc5 45. h6 gxh6 46. Rxf6
Kd5 47. Rxh6 Ke4 48. Kg2 Kf5 49. Kh3 Rc1 50. Rh5+ Kg6 51. Kg4 Rc6 52. Rb5 Ra6
53. Kh4 Ra1 54. g4 Rh1+ 55. Kg3 h6 56. Rb6+ Kg7 57. Kf3 Re1 58. Rd6 Rg1 59. Re6
Ra1 60. Ke4 Ra4+ 61. Kf5 Ra5+ 62. Re5 Ra7 63. Rc5 Rf7+ 64. Ke4 Re7+ 65. Kf3 Re1
66. Rc7+ Kf6 67. Rc6+ Kg7 68. f5 Rf1+ 69. Ke4 Re1+ 70. Kd5 Rd1+ 71. Ke6 Re1+
72. Kd7 Re4 73. Rg6+ Kf7 74. Kd6 Ra4 75. Ke5 Rb4 76. Rf6+ Kg7 77. Rd6 Rxg4 78.
Rd7+ Kg8 79. Ke6 Re4+ 80. Kf6 Ra4 81. Rd8+ Kh7 82. Ke7 h5 83. f6 Kg6 84. Rg8+
Kf5 85. f7 Ra7+ 86. Ke8 Ra8+ 87. Ke7 1/2-1/2

[Event "European Team-ch 2007"]
[Site "Crete GRE"]
[Date "2007.10.29"]
[Round "2.3"]
[White "Topalov, Veselin"]
[Black "Mamedyarov, Shakhriyar"]
[Result "1/2-1/2"]
[WhiteElo "2769"]
[BlackElo "2752"]
[PlyCount "111"]
[EventDate "2007.10.28"]
[EventType "team"]
[EventRounds "9"]
[EventCountry "GRE"]
[Source "lmi"]
[SourceDate "2007.10.28"]
[WhiteTeam "Bulgaria"]
[BlackTeam "Azerbaijan"]
[WhiteTeamCountry "BUL"]
[BlackTeamCountry "AZE"]

1. d4 Nf6 2. c4 g6 3. Nc3 d5 4. cxd5 Nxd5 5. e4 Nxc3 6. bxc3 Bg7 7. Bc4 c5 8.
Ne2 Nc6 9. Be3 cxd4 10. cxd4 Qa5+ 11. Bd2 Qd8 12. d5 Ne5 13. Bc3 Bd7 14. Bb3
Rc8 15. Rc1 Qb6 16. Ba4 O-O 17. Bxd7 Nxd7 18. Bxg7 Kxg7 19. O-O Nf6 20. Qd3 e6
21. Rb1 Qa6 22. Qxa6 bxa6 23. dxe6 Nxe4 24. Rb4 Nc5 25. exf7 Rxf7 26. Rd1 Re7
27. Nf4 Rd8 28. Rbb1 Rxd1+ 29. Rxd1 g5 30. Nh5+ Kf7 31. f4 gxf4 32. Nxf4 Re4
33. g3 Rc4 34. Rd5 Rc2 35. Rf5+ Kg8 36. a3 Nd7 37. Rd5 Nf6 38. Rd8+ Kf7 39. Ra8
Rc7 40. Kg2 a5 41. Rb8 Rc3 42. Rb7+ Kg8 43. a4 Rc4 44. Ne6 h6 45. Rxa7 Rxa4 46.
Kf3 Re4 47. Nc5 Re5 48. Rxa5 Rf5+ 49. Ke2 Re5+ 50. Kf3 Rf5+ 51. Ke3 Kf7 52.
Ra7+ Kg6 53. Nd3 Ng4+ 54. Ke4 Nf2+ 55. Nxf2 Rxf2 56. h3 1/2-1/2

[Event "European Team-ch 2007"]
[Site "Crete GRE"]
[Date "2007.10.29"]
[Round "2.3"]
[White "Georgiev, Kiril"]
[Black "Gashimov, Vugar"]
[Result "0-1"]
[WhiteElo "2649"]
[BlackElo "2663"]
[PlyCount "80"]
[EventDate "2007.10.28"]
[EventType "team"]
[EventRounds "9"]
[EventCountry "GRE"]
[Source "lmi"]
[SourceDate "2007.10.28"]
[WhiteTeam "Bulgaria"]
[BlackTeam "Azerbaijan"]
[WhiteTeamCountry "BUL"]
[BlackTeamCountry "AZE"]

1. d4 Nf6 2. Nf3 e6 3. c4 c5 4. d5 d6 5. Nc3 exd5 6. cxd5 g6 7. h3 Bg7 8. e4
O-O 9. Bd3 Re8 10. O-O a6 11. a4 Nbd7 12. Re1 Qc7 13. Bg5 h6 14. Be3 g5 15. Qd2
Qd8 16. Rad1 Nh5 17. Nh2 Nf8 18. h4 Nf4 19. Bf1 Qf6 20. g3 Nh3+ 21. Bxh3 Bxh3
22. hxg5 hxg5 23. Bxg5 Qg6 24. f3 b5 25. g4 bxa4 26. Ra1 Rab8 27. Rxa4 Rb3 28.
Kh1 Reb8 29. Ra2 Nd7 30. Bf4 Ne5 31. Qe2 c4 32. Bxe5 Bxe5 33. Nd1 Kg7 34. Ne3
Rxb2 35. Rxb2 Rxb2 36. Nc2 Qg5 37. Nf1 Bxf1 38. Rxf1 Qh4+ 39. Kg1 Qg3+ 40. Kh1
Rb8 0-1

[Event "European Team-ch 2007"]
[Site "Crete GRE"]
[Date "2007.10.29"]
[Round "2.3"]
[White "Guseinov, Gadir"]
[Black "Delchev, Aleksander"]
[Result "1/2-1/2"]
[WhiteElo "2614"]
[BlackElo "2613"]
[PlyCount "54"]
[EventDate "2007.10.28"]
[EventType "team"]
[EventRounds "9"]
[EventCountry "GRE"]
[Source "lmi"]
[SourceDate "2007.10.28"]
[WhiteTeam "Azerbaijan"]
[BlackTeam "Bulgaria"]
[WhiteTeamCountry "AZE"]
[BlackTeamCountry "BUL"]

1. e4 e5 2. Nf3 Nf6 3. d4 Nxe4 4. Bd3 d5 5. Nxe5 Nd7 6. Nxd7 Bxd7 7. O-O Bd6 8.
c4 c6 9. Nc3 O-O 10. cxd5 Nxc3 11. bxc3 cxd5 12. Qh5 g6 13. Qxd5 Qc7 14. h4 Be6
15. Qf3 Qxc3 16. Rb1 Bxa2 17. Rb2 Bc4 18. Bxc4 Qxc4 19. Rxb7 Rab8 20. Bh6 Rxb7
21. Qxb7 Re8 22. Qd7 Qe6 23. Qxa7 Qg4 24. Qa4 Rb8 25. Qc6 Qxd4 26. Re1 Bf8 27.
Bxf8 Rxf8 1/2-1/2

[Event "European Team-ch 2007"]
[Site "Crete GRE"]
[Date "2007.10.29"]
[Round "2.4"]
[White "Bacrot, Etienne"]
[Black "Beliavsky, Alexander G"]
[Result "1/2-1/2"]
[WhiteElo "2695"]
[BlackElo "2646"]
[PlyCount "107"]
[EventDate "2007.10.28"]
[EventType "team"]
[EventRounds "9"]
[EventCountry "GRE"]
[Source "lmi"]
[SourceDate "2007.10.28"]
[WhiteTeam "France"]
[BlackTeam "Slovenija"]
[WhiteTeamCountry "FRA"]
[BlackTeamCountry "SLO"]

1. e4 e5 2. Nf3 Nc6 3. Bb5 a6 4. Ba4 Nf6 5. O-O Be7 6. Re1 b5 7. Bb3 d6 8. c3
O-O 9. h3 Bb7 10. d4 Re8 11. Nbd2 Bf8 12. a3 Na5 13. Bc2 c5 14. b4 exd4 15.
cxd4 cxb4 16. axb4 Nc6 17. Rb1 Rc8 18. d5 Ne5 19. Nxe5 dxe5 20. Nf1 Re7 21. Ne3
Ne8 22. Bd3 Nd6 23. Bb2 f6 24. Qd2 Rec7 25. Rf1 Qe7 26. Ba1 Ra8 27. f4 exf4 28.
Rxf4 Re8 29. Rbf1 Nf7 30. Ng4 Bc8 31. Rxf6 Qxb4 32. Qd1 h5 33. Rxf7 Rxf7 34.
Rxf7 hxg4 35. Rc7 Qd6 36. Qc2 Qg3 37. hxg4 Bxg4 38. Bd4 Qe1+ 39. Bf1 Qxe4 40.
Qc3 Qe1 41. Bxg7 Qxc3 42. Bxc3 Rc8 43. Rxc8 Bxc8 44. Bd3 b4 45. Be5 Bg7 46. Bc7
b3 47. Ba5 Kf7 48. Kf2 Bd4+ 49. Ke2 Kf6 50. Kd2 Ke5 51. Bc3 Kxd5 52. Bc2 b2 53.
Bxd4 Kxd4 54. Bh7 1/2-1/2

[Event "European Team-ch 2007"]
[Site "Crete GRE"]
[Date "2007.10.29"]
[Round "2.4"]
[White "Pavasovic, Dusko"]
[Black "Fressinet, Laurent"]
[Result "1/2-1/2"]
[WhiteElo "2597"]
[BlackElo "2654"]
[PlyCount "105"]
[EventDate "2007.10.28"]
[EventType "team"]
[EventRounds "9"]
[EventCountry "GRE"]
[Source "lmi"]
[SourceDate "2007.10.28"]
[WhiteTeam "Slovenija"]
[BlackTeam "France"]
[WhiteTeamCountry "SLO"]
[BlackTeamCountry "FRA"]

1. e4 e5 2. Nf3 Nc6 3. d4 exd4 4. Nxd4 Bc5 5. Be3 Qf6 6. c3 Nge7 7. Bc4 O-O 8.
O-O b6 9. Nc2 Bb7 10. Nd2 Rad8 11. Bxc5 bxc5 12. Ne3 Ne5 13. Qb3 Nxc4 14. Qxc4
Qc6 15. Rfd1 d5 16. exd5 Nxd5 17. Ndf1 Nxe3 18. Nxe3 Rde8 19. Rd2 Re5 20. Rad1
Rfe8 21. Qg4 h5 22. Qg3 R8e6 23. h4 Qe4 24. Rd8+ Kh7 25. Rb8 Rg6 26. Qh3 Bc6
27. Rdd8 Be8 28. f4 Re7 29. f5 Rd6 30. Nf1 Rxd8 31. Rxd8 Bd7 32. Qf3 Qxf5 33.
Qxf5+ Bxf5 34. Rd5 Bg6 35. Kf2 Re6 36. Rxc5 Rb6 37. b4 Ra6 38. Nd2 Rxa2 39. Ke3
Ra6 40. Rxc7 Re6+ 41. Kf2 Bd3 42. Nf3 Re2+ 43. Kg3 f6 44. Nd4 Ra2 45. Ne6 Be4
46. Kf4 Bd5 47. Nxg7 Kg6 48. g4 hxg4 49. h5+ Kh6 50. Nf5+ Kxh5 51. Rh7+ Kg6 52.
Rg7+ Kh5 53. Rh7+ 1/2-1/2

[Event "European Team-ch 2007"]
[Site "Crete GRE"]
[Date "2007.10.29"]
[Round "2.4"]
[White "Vachier-Lagrave, Maxime"]
[Black "Tratar, Marko"]
[Result "0-1"]
[WhiteElo "2634"]
[BlackElo "2502"]
[PlyCount "80"]
[EventDate "2007.10.28"]
[EventType "team"]
[EventRounds "9"]
[EventCountry "GRE"]
[Source "lmi"]
[SourceDate "2007.10.28"]
[WhiteTeam "France"]
[BlackTeam "Slovenija"]
[WhiteTeamCountry "FRA"]
[BlackTeamCountry "SLO"]

1. e4 e6 2. d4 d5 3. Nd2 dxe4 4. Nxe4 Nd7 5. Nf3 Ngf6 6. Nxf6+ Nxf6 7. c3 Be7
8. Bd3 O-O 9. Qc2 b6 10. Bg5 h6 11. h4 Bb7 12. O-O-O Qd5 13. Rh3 Rfd8 14. Ne5
hxg5 15. hxg5 Qxg2 16. Rg3 Qh2 17. gxf6 Bxf6 18. Qe2 Qh6+ 19. Kb1 c5 20. Re1
Rd6 21. Qg4 Qh4 22. Qe2 cxd4 23. Rg4 Qh6 24. Be4 d3 25. Nxd3 Bxe4 26. Qxe4 Rad8
27. Rh1 Qd2 28. Nc1 Qxf2 29. Rf4 Qg3 30. Rg4 Qe5 31. Qh7+ Kf8 32. Re4 Qg5 33.
Rh5 Qg1 34. Rh1 Qg5 35. Rh5 Qg1 36. Rh1 Qc5 37. Ree1 Qb5 38. a4 Qxa4 39. Re4
Qb5 40. Rh5 Rd5 0-1

[Event "European Team-ch 2007"]
[Site "Crete GRE"]
[Date "2007.10.29"]
[Round "2.4"]
[White "Lenic, Luka"]
[Black "Bauer, Christian"]
[Result "1-0"]
[WhiteElo "2531"]
[BlackElo "2634"]
[PlyCount "139"]
[EventDate "2007.10.28"]
[EventType "team"]
[EventRounds "9"]
[EventCountry "GRE"]
[Source "lmi"]
[SourceDate "2007.10.28"]
[WhiteTeam "Slovenija"]
[BlackTeam "France"]
[WhiteTeamCountry "SLO"]
[BlackTeamCountry "FRA"]

1. d4 e6 2. c4 Nf6 3. Nf3 d5 4. g3 Be7 5. Bg2 O-O 6. O-O dxc4 7. Qc2 a6 8. Qxc4
b5 9. Qc2 Bb7 10. Bd2 Be4 11. Qc1 c6 12. a4 b4 13. Be3 Nbd7 14. Nbd2 Bd5 15.
Qc2 Rc8 16. Qd3 c5 17. Rfc1 a5 18. dxc5 Nxc5 19. Bxc5 Bxc5 20. Qb5 Nd7 21. e3
Bb6 22. Ne1 Rb8 23. Qe2 Nc5 24. Bxd5 Qxd5 25. Rd1 Rfd8 26. Nc4 Qc6 27. Nd3 Nxd3
28. Rxd3 Rxd3 29. Qxd3 Rd8 30. Qe2 Bc7 31. b3 Qd5 32. Ra2 Qd3 33. Qxd3 Rxd3 34.
Rb2 g5 35. Kf1 Kg7 36. Ke2 Rc3 37. h3 h5 38. Kd1 Kg6 39. Nd2 Be5 40. Rc2 Rxc2
41. Kxc2 f5 42. Kd3 Kf6 43. Nc4 Bc7 44. Kd4 Bd8 45. Kc5 h4 46. gxh4 g4 47. hxg4
fxg4 48. Kd4 Kg6 49. Kd3 Kh5 50. Ke2 Kxh4 51. Kf1 Kg5 52. Kg2 Bc7 53. f3 Kf5
54. fxg4+ Kxg4 55. Kf2 Bg3+ 56. Ke2 Bc7 57. Kd3 Kf5 58. Kd4 Bd8 59. Nd6+ Kf6
60. Nc4 Kf5 61. Nd6+ Kf6 62. e4 Bb6+ 63. Kd3 Bd8 64. Nc4 Bc7 65. Kd4 Kg5 66.
Kc5 Kf4 67. Kc6 Bd8 68. e5 Kf5 69. Kd6 Bh4 70. Nxa5 1-0

[Event "European Team-ch 2007"]
[Site "Crete GRE"]
[Date "2007.10.29"]
[Round "2.5"]
[White "Sutovsky, Emil"]
[Black "Djukic, Nikola"]
[Result "1-0"]
[WhiteElo "2655"]
[BlackElo "2528"]
[PlyCount "65"]
[EventDate "2007.10.28"]
[EventType "team"]
[EventRounds "9"]
[EventCountry "GRE"]
[Source "lmi"]
[SourceDate "2007.10.28"]
[WhiteTeam "Israel"]
[BlackTeam "MNE"]
[WhiteTeamCountry "ISR"]

1. e4 d5 2. exd5 Qxd5 3. Nc3 Qd8 4. d4 Nf6 5. Bc4 a6 6. Bg5 h6 7. Bxf6 exf6 8.
Qh5 g6 9. Qe2+ Be7 10. O-O-O O-O 11. h4 h5 12. f3 f5 13. Nh3 b5 14. Bb3 Bxh4
15. g4 fxg4 16. fxg4 hxg4 17. Nf4 Kg7 18. Qe5+ Bf6 19. Qe4 Bg5 20. Kb1 Bf5 21.
Nh5+ gxh5 22. Qxf5 Qf6 23. Qe4 Qf3 24. Qe5+ Qf6 25. Qxc7 Qe7 26. Qh2 h4 27. Qg2
Nd7 28. Qxg4 Kh6 29. Nd5 f5 30. Qxh4+ Bxh4 31. Nxe7 Kh5 32. Rdg1 Rf6 33. Bd5
1-0

[Event "European Team-ch 2007"]
[Site "Crete GRE"]
[Date "2007.10.29"]
[Round "2.5"]
[White "Drasko, Milan"]
[Black "Avrukh, Boris"]
[Result "1/2-1/2"]
[WhiteElo "2557"]
[BlackElo "2641"]
[PlyCount "55"]
[EventDate "2007.10.28"]
[EventType "team"]
[EventRounds "9"]
[EventCountry "GRE"]
[Source "lmi"]
[SourceDate "2007.10.28"]
[WhiteTeam "MNE"]
[BlackTeam "Israel"]
[BlackTeamCountry "ISR"]

1. d4 d5 2. c4 c6 3. e3 Nf6 4. Nc3 e6 5. Nf3 a6 6. Qc2 c5 7. cxd5 exd5 8. Be2
Nc6 9. Ne5 Qc7 10. Nxc6 bxc6 11. O-O Bd6 12. h3 O-O 13. Rd1 Re8 14. Bf3 g6 15.
dxc5 Bxc5 16. e4 Rb8 17. Bh6 dxe4 18. Nxe4 Nxe4 19. Bxe4 Qe5 20. Qc3 Bxf2+ 21.
Kf1 Bb6 22. Qxe5 Rxe5 23. Bf4 Rxe4 24. Bxb8 a5 25. g4 Ba6+ 26. Kg2 Re2+ 27. Kg3
Bc4 28. Rd7 1/2-1/2

[Event "European Team-ch 2007"]
[Site "Crete GRE"]
[Date "2007.10.29"]
[Round "2.6"]
[White "Kozul, Zdenko"]
[Black "Tiviakov, Sergei"]
[Result "0-1"]
[WhiteElo "2609"]
[BlackElo "2643"]
[PlyCount "82"]
[EventDate "2007.10.28"]
[EventType "team"]
[EventRounds "9"]
[EventCountry "GRE"]
[Source "lmi"]
[SourceDate "2007.10.28"]
[WhiteTeam "Croatia"]
[BlackTeam "Netherlands"]
[WhiteTeamCountry "CRO"]
[BlackTeamCountry "NED"]

1. Nf3 Nf6 2. g3 b6 3. Bg2 Bb7 4. O-O e6 5. d3 d5 6. Nbd2 Nbd7 7. Re1 Bc5 8. e3
O-O 9. a3 a5 10. b3 Re8 11. Bb2 e5 12. e4 dxe4 13. dxe4 Ng4 14. Re2 Ba6 15. c4
Qe7 16. h3 Ngf6 17. Qc2 Bb7 18. Nb1 c6 19. Bc3 b5 20. Bb2 bxc4 21. bxc4 Bd6 22.
Nh4 g6 23. Nd2 Nc5 24. Nhf3 Nfd7 25. Nf1 Ne6 26. Ne3 c5 27. Nd5 Qd8 28. Qa4
Bxd5 29. cxd5 Nd4 30. Ree1 Nb6 31. Qd1 Qd7 32. Rb1 Nc4 33. Bc1 Rab8 34. Rxb8
Rxb8 35. Bf1 Nb2 36. Bxb2 Rxb2 37. Kg2 Qd8 38. Nd2 Qf6 39. Re3 c4 40. Be2 Bc5
41. Nxc4 Rxe2 0-1

[Event "European Team-ch 2007"]
[Site "Crete GRE"]
[Date "2007.10.29"]
[Round "2.6"]
[White "Stellwagen, Daniel"]
[Black "Palac, Mladen"]
[Result "1/2-1/2"]
[WhiteElo "2639"]
[BlackElo "2567"]
[PlyCount "47"]
[EventDate "2007.10.28"]
[EventType "team"]
[EventRounds "9"]
[EventCountry "GRE"]
[Source "lmi"]
[SourceDate "2007.10.28"]
[WhiteTeam "Netherlands"]
[BlackTeam "Croatia"]
[WhiteTeamCountry "NED"]
[BlackTeamCountry "CRO"]

1. e4 c5 2. Nf3 d6 3. d4 cxd4 4. Nxd4 Nf6 5. Nc3 a6 6. Be2 e5 7. Nb3 Be7 8. O-O
O-O 9. Qd3 Be6 10. Nd5 Nbd7 11. c4 b5 12. cxb5 axb5 13. Rd1 Bxd5 14. exd5 b4
15. Bd2 Ra4 16. a3 bxa3 17. Rxa3 Rxa3 18. bxa3 Qa8 19. Bb4 Nb6 20. Qb5 Nbxd5
21. Bf3 Nc7 22. Qb6 Ncd5 23. Qb5 Nc7 24. Qb6 1/2-1/2

[Event "European Team-ch 2007"]
[Site "Crete GRE"]
[Date "2007.10.29"]
[Round "2.6"]
[White "Zelcic, Robert"]
[Black "Van Den Doel, Erik"]
[Result "0-1"]
[WhiteElo "2578"]
[BlackElo "2593"]
[PlyCount "94"]
[EventDate "2007.10.28"]
[EventType "team"]
[EventRounds "9"]
[EventCountry "GRE"]
[Source "lmi"]
[SourceDate "2007.10.28"]
[WhiteTeam "Croatia"]
[BlackTeam "Netherlands"]
[WhiteTeamCountry "CRO"]
[BlackTeamCountry "NED"]

1. e4 e5 2. Nf3 Nc6 3. d4 exd4 4. Nxd4 Nf6 5. Nxc6 bxc6 6. e5 Qe7 7. Qe2 Nd5 8.
c4 Nb6 9. Nc3 Qe6 10. Qe4 Ba6 11. b3 O-O-O 12. Bb2 Bb7 13. O-O-O Re8 14. f4 d5
15. cxd5 cxd5 16. Qc2 Kb8 17. Kb1 g6 18. Nb5 c5 19. Nd6 Bxd6 20. exd6 Qxd6 21.
Bb5 d4 22. Bxe8 Rxe8 23. Rhe1 Rc8 24. g3 Nd5 25. Qe2 Ka8 26. Qb5 Nb4 27. Re8
Qd5 28. g4 Qf3 29. Rde1 Nd3 30. Qd7 Kb8 31. Qd6+ Ka8 32. Qc7 Qxg4 33. Rxc8+
Bxc8 34. Qc6+ Kb8 35. Qb5+ Kc7 36. Qa5+ Kb8 37. Qb5+ Kc7 38. Qa5+ Kc6 39. Qa4+
Kb6 40. b4 Nxb4 41. Ka1 Bd7 42. Qb3 Be6 43. Qa4 Qg2 44. Rc1 Qd5 45. Rd1 a5 46.
h4 Qc4 47. Rc1 Nc2+ 0-1

[Event "European Team-ch 2007"]
[Site "Crete GRE"]
[Date "2007.10.29"]
[Round "2.6"]
[White "L'ami, Erwin"]
[Black "Brkic, Ante"]
[Result "1-0"]
[WhiteElo "2577"]
[BlackElo "2577"]
[PlyCount "72"]
[EventDate "2007.10.28"]
[EventType "team"]
[EventRounds "9"]
[EventCountry "GRE"]
[Source "lmi"]
[SourceDate "2007.10.28"]
[WhiteTeam "Netherlands"]
[BlackTeam "Croatia"]
[WhiteTeamCountry "NED"]
[BlackTeamCountry "CRO"]

1. d4 Nf6 2. c4 g6 3. Nc3 d5 4. cxd5 Nxd5 5. e4 Nxc3 6. bxc3 Bg7 7. Bc4 c5 8.
Ne2 Nc6 9. Be3 cxd4 10. cxd4 Qa5+ 11. Bd2 Qh5 12. O-O O-O 13. Bc3 b5 14. Bd5
Bb7 15. Rc1 Rac8 16. f3 Bh6 17. Bd2 Rfd8 18. Rc5 Nxd4 19. Bxf7+ Kxf7 20. Rxh5
Nxe2+ 21. Qxe2 Rxd2 22. Qxb5 gxh5 23. Qxb7 Rcc2 24. Qb3+ e6 25. Qb7+ Kg6 26.
Kh1 Rxg2 27. Rg1 Rxg1+ 28. Kxg1 Bf4 29. Qb3 Rc1+ 30. Kg2 e5 31. h4 Kf6 32. Qd3
Ke6 33. Qa6+ Kd7 34. Qxa7+ Kc6 35. a4 h6 36. Qf7 Kc5 1-0

[Event "European Team-ch 2007"]
[Site "Crete GRE"]
[Date "2007.10.29"]
[Round "2.7"]
[White "Gelashvili, Tamaz"]
[Black "Hansen, Sune Berg"]
[Result "1/2-1/2"]
[WhiteElo "2623"]
[BlackElo "2564"]
[PlyCount "187"]
[EventDate "2007.10.28"]
[EventType "team"]
[EventRounds "9"]
[EventCountry "GRE"]
[Source "lmi"]
[SourceDate "2007.10.28"]
[WhiteTeam "Georgia"]
[BlackTeam "Denmark"]
[WhiteTeamCountry "GEO"]
[BlackTeamCountry "DEN"]

1. Nf3 Nf6 2. c4 b6 3. d4 e6 4. Nc3 Bb7 5. Bg5 h6 6. Bh4 Be7 7. e3 O-O 8. Bd3
c5 9. O-O cxd4 10. exd4 d6 11. Qe2 Nbd7 12. Bg3 Re8 13. Nd2 a6 14. b4 Bf8 15.
Bc2 d5 16. c5 e5 17. dxe5 bxc5 18. bxc5 Nxc5 19. Rfd1 Qa5 20. Rac1 d4 21. Ncb1
Qxa2 22. Nc4 d3 23. Bxd3 Qxe2 24. Bxe2 Nfe4 25. Nc3 Rad8 26. Rxd8 Rxd8 27. Nxe4
Nxe4 28. Bf4 Bb4 29. f3 Nc3 30. Bf1 Nb5 31. Rb1 Bc5+ 32. Be3 Rd5 33. Kf2 Bc8
34. Bxc5 Rxc5 35. f4 Be6 36. Ne3 g6 37. Ra1 Rc6 38. g4 Kf8 39. Bg2 Rb6 40. f5
Bb3 41. Rc1 Nd4 42. Rc8+ Ke7 43. Bd5 gxf5 44. Bxb3 Rxb3 45. gxf5 Kd7 46. Rf8
Ke7 47. Rc8 Kd7 48. Rf8 Ke7 49. Rh8 Rb5 50. f6+ Kd7 51. Rf8 Nc6 52. Rxf7+ Ke6
53. Rh7 Nxe5 54. Rxh6 Rb2+ 55. Kf1 Nf7 56. Rh4 Kxf6 57. Ra4 Kg7 58. h4 Rb6 59.
Kf2 Rf6+ 60. Kg3 Ne5 61. Re4 Nf7 62. Re7 Kf8 63. Ra7 Ne5 64. Nd5 Rf3+ 65. Kg2
Rd3 66. Nf4 Rd6 67. h5 Rf6 68. Kg3 Kg8 69. Nd5 Re6 70. Kf4 Nf7 71. Ne3 Rf6+ 72.
Kg4 Rb6 73. Nd5 Re6 74. Nf4 Rb6 75. Nd5 Re6 76. Nc7 Re7 77. Ra8+ Kg7 78. Ne8+
Kh7 79. Nf6+ Kg7 80. Ne8+ Kh7 81. Kf4 Re6 82. Nc7 Rf6+ 83. Kg3 Kh6 84. Nd5 Rd6
85. Nf4 Rf6 86. Ra7 Kg5 87. Nd5 Rf5 88. Ne3 Rf6 89. Ng4 Rf4 90. Nf2 Rf5 91.
Nh3+ Kxh5 92. Rxa6 Re5 93. Rf6 Re3+ 94. Kg2 1/2-1/2

[Event "European Team-ch 2007"]
[Site "Crete GRE"]
[Date "2007.10.29"]
[Round "2.7"]
[White "Schandorff, Lars"]
[Black "Pantsulaia, Levan"]
[Result "1/2-1/2"]
[WhiteElo "2520"]
[BlackElo "2617"]
[PlyCount "48"]
[EventDate "2007.10.28"]
[EventType "team"]
[EventRounds "9"]
[EventCountry "GRE"]
[Source "lmi"]
[SourceDate "2007.10.28"]
[WhiteTeam "Denmark"]
[BlackTeam "Georgia"]
[WhiteTeamCountry "DEN"]
[BlackTeamCountry "GEO"]

1. d4 Nf6 2. c4 e6 3. Nc3 c5 4. d5 exd5 5. cxd5 d6 6. e4 g6 7. h3 Bg7 8. Nf3
O-O 9. Bd3 a6 10. a4 Nbd7 11. O-O Re8 12. Bf4 Nh5 13. Bh2 Ne5 14. Be2 Nxf3+ 15.
Bxf3 Nf6 16. Qd2 Nd7 17. Be2 Qe7 18. Rfe1 Bd4 19. Bf1 Qf6 20. Qf4 Qxf4 21. Bxf4
Ne5 22. Be3 Nd7 23. Bf4 Ne5 24. Be3 Nd7 1/2-1/2